[Event "Zagreb Damjanovic Memorial 3rd"]
[Site "Zagreb"]
[Date "2019.11.14"]
[Round "6"]
[White "Misak, Darijan"]
[Black "Korov, Zvonko"]
[Result "0-1"]
[WhiteElo "1669"]
[BlackElo "2034"]
[PlyCount "156"]
[EventDate "2019.11.09"]
[EventType "swiss"]
[EventRounds "9"]
[EventCountry "CRO"]
[SourceTitle "CBM 193 Extra"]
[Source "ChessBase"]
[SourceDate "2020.01.31"]
[SourceVersion "1"]
[SourceVersionDate "2020.01.31"]
[SourceQuality "1"]

1. d4 Nf6 2. c4 e6 3. Nf3 b6 4. Nc3 Bb7 5. e3 Bb4 6. Bd3 Ne4 7. Bxe4 Bxe4 8. 0-0 Bxc3 9. bxc3 0-0 10. Qe2 d6 11. Nd2 Bb7 12. e4 Nd7 13. Nf3 h6 14. d5 e5 15. Be3 Bc8 16. Nd2 Nf6 17. h3 Qe7 18. f4 exf4 19. Bxf4 Re8 20. Rae1 Nd7 21. Nf3 f6 22. Nd4 Nc5 23. Qf3 Qf7 24. Nb3 Nd7 25. Re3 Ba6 26. Nd2 Qg6 27. Qe2 Kh8 28. Rg3 Qh7 29. Qh5 Re7 30. h4 Rg8 31. Qf3 Rge8 32. h5 Nc5 33. Rg6 Nd7 34. Qd3 Nf8 35. Rg4 Bc8 36. Rg3 f5 37. exf5 Bxf5 38. Qd4 Re1 39. Rxe1 Rxe1+ 40. Kh2 Re7 41. Re3 Rxe3 42. Qxe3 Bg4 43. Qe7 Qf5 44. Kg3 Bxh5 45. Qe4 Qf6 46. Qd4 Qg6+ 47. Kf2 Nd7 48. Ne4 Kh7 49. a3 Bg4 50. Qe3 Bf5 51. Nd2 Qf7 52. Nf3 Nf6 53. Qd4 g5 54. Bc1 Kg6 55. Kg1 Qe7 56. Qd2 Ne4 57. Qe3 Kf7 58. Nd4 Qf6 59. Qf3 Kg6 60. Qe3 h5 61. Qf3 a6 62. Qe3 Qe5 63. a4 Qg3 64. Nf3 h4 65. Kf1 h3 66. gxh3 Qxh3+ 67. Ke2 g4 68. Nd4 Nxc3+ 69. Kd2 Qxe3+ 70. Kxe3 Bd7 71. Kf4 Nxa4 72. Bd2 a5 73. Be1 Nb2 74. Bh4 Nxc4 75. Ne6 Bxe6 76. dxe6 a4 77. e7 Kf7 78. Ke4 Ne5 0-1